[Event "Cherepovets Severstal 50"]
[Site "Cherepovets"]
[Date "2005.03.03"]
[Round "7"]
[White "Rakhmanov, Alexander"]
[Black "Kuprijanov, Ilija"]
[Result "1-0"]
[WhiteElo "2237"]
[BlackElo "2411"]
[PlyCount "49"]
[EventDate "2005.02.21"]
[EventType "tourn"]
[EventRounds "11"]
[EventCountry "RUS"]
[EventCategory "4"]
[SourceTitle "EXT 2006"]
[Source "ChessBase"]
[SourceDate "2005.11.24"]
[SourceVersion "1"]
[SourceVersionDate "2005.11.24"]
[SourceQuality "1"]

1. d4 d5 2. c4 e6 3. Nc3 Nf6 4. Bg5 c6 5. cxd5 exd5 6. e3 Nbd7 7. Bd3 Be7 8. Qc2 Nh5 9. Bxe7 Qxe7 10. Nge2 g6 11. g4 Nhf6 12. g5 Nh5 13. h4 Nb6 14. 0-0-0 Bd7 15. Rde1 0-0-0 16. a4 Kb8 17. a5 Nc8 18. Na4 Qb4 19. Nc5 Qxa5 20. Nc3 Nd6 21. b4 Qxb4 22. Kd2 Nc4+ 23. Bxc4 Qxc4 24. Qb2 b6 25. Ra1 1-0

[Event "Cherepovets Severstal 50"]
[Site "Cherepovets"]
[Date "2005.03.02"]
[Round "6"]
[White "Kuprijanov, Ilija"]
[Black "Aleskerov, Faik"]
[Result "1/2-1/2"]
[WhiteElo "2411"]
[BlackElo "2326"]
[PlyCount "89"]
[EventDate "2005.02.21"]
[EventType "tourn"]
[EventRounds "11"]
[EventCountry "RUS"]
[EventCategory "4"]
[SourceTitle "EXT 2006"]
[Source "ChessBase"]
[SourceDate "2005.11.24"]
[SourceVersion "1"]
[SourceVersionDate "2005.11.24"]
[SourceQuality "1"]

1. d4 c5 2. d5 e5 3. e4 d6 4. Nc3 Be7 5. Be2 Nf6 6. Nf3 0-0 7. Nd2 Ne8 8. 0-0 g6 9. Nc4 f5 10. f4 exf4 11. Bxf4 g5 12. Bd2 f4 13. g3 fxg3 14. Rxf8+ Bxf8 15. hxg3 Qd7 16. e5 dxe5 17. Bxg5 Qg7 18. Bh4 Be7 19. Kh2 Nd7 20. Qd2 Nf8 21. d6 Bxh4 22. gxh4 Qf6 23. Rg1+ Kh8 24. Qg5 Qxg5 25. Rxg5 Be6 26. Ne4 Rd8 27. Rxe5 b5 28. Ne3 Nxd6 29. Nxd6 Rxd6 30. Bxb5 Rd4 31. h5 Rb4 32. Rxc5 Rxb2 33. a4 Kg7 34. a5 Kf6 35. Bd3 Ra2 36. Nd5+ Bxd5 37. Rxd5 Ne6 38. Kg3 h6 39. a6 Ra3 40. Kf3 Ke7 41. Kg4 Ra4+ 42. Kf5 Rh4 43. Ke5 Rxh5+ 44. Bf5 Ng7 45. Rd7+ 1/2-1/2

[Event "Cherepovets Severstal 50"]
[Site "Cherepovets"]
[Date "2005.03.01"]
[Round "5"]
[White "Kuprijanov, Ilija"]
[Black "Dmitrenko, Viktor"]
[Result "1-0"]
[WhiteElo "2411"]
[BlackElo "2327"]
[PlyCount "111"]
[EventDate "2005.02.21"]
[EventType "tourn"]
[EventRounds "11"]
[EventCountry "RUS"]
[EventCategory "4"]
[SourceTitle "EXT 2006"]
[Source "ChessBase"]
[SourceDate "2005.11.24"]
[SourceVersion "1"]
[SourceVersionDate "2005.11.24"]
[SourceQuality "1"]

1. d4 d5 2. c4 c6 3. e3 Nf6 4. Nf3 e6 5. Bd3 Nbd7 6. Nbd2 Bd6 7. e4 e5 8. cxd5 cxd5 9. exd5 exd4 10. 0-0 0-0 11. Ne4 Nxe4 12. Bxe4 Nf6 13. Qxd4 Qb6 14. Qd3 Bd7 15. Be3 Qb5 16. Rfd1 Rfe8 17. Qxb5 Bxb5 18. Bd3 Bxd3 19. Rxd3 a6 20. Bd4 Nd7 21. Rc1 Rac8 22. Rdc3 Rxc3 23. Rxc3 h6 24. Rb3 Rc8 25. g3 Rc1+ 26. Kg2 b5 27. Rc3 Rxc3 28. bxc3 Kf8 29. Kf1 Bc5 30. Ke2 Bxd4 31. Nxd4 Ke7 32. Kd3 Nc5+ 33. Ke3 Kd6 34. Nf5+ Kxd5 35. Nxg7 Kc4 36. Nf5 Kxc3 37. Nxh6 b4 38. Nxf7 Kb2 39. Kd4 Kxa2 40. Kxc5 b3 41. Nd6 b2 42. Ne4 Kb3 43. Kd4 Kc2 44. Nc3 a5 45. Kc4 a4 46. Nb5 b1N 47. h4 Nd2+ 48. Kb4 Kd3 49. h5 Ne4 50. h6 Nf6 51. Nd6 Nh7 52. f4 Ke3 53. Nf7 Nf8 54. Ng5 Kf2 55. h7 Ng6 56. f5 1-0

[Event "Cherepovets Severstal 50"]
[Site "Cherepovets"]
[Date "2005.02.25"]
[Round "1"]
[White "Kuprijanov, Ilija"]
[Black "Borisenko, Andrei"]
[Result "1/2-1/2"]
[WhiteElo "2411"]
[BlackElo "2372"]
[PlyCount "156"]
[EventDate "2005.02.21"]
[EventType "tourn"]
[EventRounds "11"]
[EventCountry "RUS"]
[EventCategory "4"]
[SourceTitle "EXT 2006"]
[Source "ChessBase"]
[SourceDate "2005.11.24"]
[SourceVersion "1"]
[SourceVersionDate "2005.11.24"]
[SourceQuality "1"]

1. d4 d5 2. c4 c6 3. e3 Nf6 4. Nf3 g6 5. Nc3 Bg7 6. Qb3 0-0 7. Bd2 a6 8. a4 e6 9. Bd3 Nbd7 10. 0-0 dxc4 11. Bxc4 c5 12. Rfd1 cxd4 13. Nxd4 Ne5 14. Be2 Qc7 15. Rac1 Qb8 16. a5 Bd7 17. Na4 Bxa4 18. Qxa4 Rc8 19. Be1 Rxc1 20. Rxc1 Qd8 21. b4 Rc8 22. Rc2 Rxc2 23. Qxc2 Nd5 24. b5 axb5 25. Bxb5 Ng4 26. Nf3 Bc3 27. Bxc3 Qc7 28. h3 Ngf6 29. a6 bxa6 30. Bxa6 Nxc3 31. Bd3 Nfd5 32. Qb3 Qb6 33. Qxb6 Nxb6 34. Kf1 e5 35. Nxe5 Kg7 36. Ke1 f6 37. Nc6 Ncd5 38. g4 Nd7 39. Nd4 Nc5 40. Bc2 Kh6 41. h4 Nb4 42. Bb1 Kg7 43. Kd2 Nd5 44. f3 Ne7 45. Kc3 Nd7 46. Ba2 Ne5 47. Ne6+ Kh8 48. Nd4 Kg7 49. Be6 f5 50. g5 h6 51. Bb3 hxg5 52. hxg5 N7c6 53. Bd5 Nxd4 54. exd4 Nd7 55. f4 Kf8 56. Bc6 Nb6 57. Kb4 Ke7 58. Kc5 Nc8 59. Bf3 Nd6 60. Kc6 Nc4 61. Kc7 Nd6 62. Be2 Ne8+ 63. Kc6 Nd6 64. Bd3 Ke6 65. Bb1 Ke7 66. Ba2 Ne4 67. Bc4 Ng3 68. Kd5 Ne4 69. Ke5 Nd6 70. Be6 Nb5 71. Bg8 Nd6 72. Bh7 Nc4+ 73. Kd5 Ne3+ 74. Kc6 Kf7 75. d5 Ng2 76. d6 Nxf4 77. d7 Ne6 78. Kd6 Nd8 1/2-1/2

[Event "Cherepovets"]
[Site "Cherepovets"]
[Date "2002.??.??"]
[Round "?"]
[White "Kuprijanov, Ilija"]
[Black "Bratchenko, Alexander"]
[Result "1-0"]
[WhiteElo "2404"]
[BlackElo "2384"]
[PlyCount "105"]
[EventDate "2002.02.??"]
[EventType "tourn"]
[EventRounds "14"]
[EventCountry "RUS"]
[EventCategory "6"]
[SourceTitle "EXT 2003"]
[Source "ChessBase"]
[SourceDate "2002.11.25"]
[SourceVersion "1"]
[SourceVersionDate "2002.11.25"]
[SourceQuality "1"]

1. d4 Nf6 2. c4 c5 3. Nf3 e6 4. Nc3 cxd4 5. Nxd4 d5 6. cxd5 Nxd5 7. Bd2 Be7 8. e4 Nb4 9. Be3 0-0 10. Bc4 Bg5 11. Qh5 Bxe3 12. fxe3 N8c6 13. 0-0-0 Qa5 14. Qxa5 Nxa5 15. Be2 Nbc6 16. Nf3 a6 17. e5 Ne7 18. Bd3 Nac6 19. Be4 Nf5 20. Bxc6 bxc6 21. Rhe1 c5 22. e4 Ne7 23. Rd6 Ra7 24. Red1 h6 25. Na4 Rc7 26. Nb6 Nc6 27. R1d2 g5 28. h3 Kg7 29. a3 Na5 30. Rc2 Nb7 31. Rd3 Rc6 32. Nc4 Rd8 33. Rxd8 Nxd8 34. Nfd2 Kf8 35. Na5 Rc7 36. b4 Ke7 37. Rxc5 Rxc5+ 38. bxc5 Bd7 39. Kc2 f6 40. Nf3 Bc6 41. Nxc6+ Nxc6 42. exf6+ Kxf6 43. Kd3 e5 44. Ne1 Ke6 45. Nc2 a5 46. Kc4 h5 47. Ne3 h4 48. Nf5 Na7 49. a4 Nc6 50. Kb5 Kd7 51. Kb6 Nd8 52. Nh6 Kc8 53. c6 1-0

[Event "Cherepovets"]
[Site "Cherepovets"]
[Date "2002.??.??"]
[Round "?"]
[White "Kuprijanov, Ilija"]
[Black "Sazhin, Evgeny"]
[Result "1-0"]
[WhiteElo "2404"]
[BlackElo "2415"]
[PlyCount "105"]
[EventDate "2002.02.??"]
[EventType "tourn"]
[EventRounds "14"]
[EventCountry "RUS"]
[EventCategory "6"]
[SourceTitle "EXT 2003"]
[Source "ChessBase"]
[SourceDate "2002.11.25"]
[SourceVersion "1"]
[SourceVersionDate "2002.11.25"]
[SourceQuality "1"]

1. e4 d6 2. d4 g6 3. Nc3 Bg7 4. f4 c5 5. dxc5 Qa5 6. cxd6 Bxc3+ 7. bxc3 Qxc3+ 8. Bd2 Qd4 9. Bd3 Bg4 10. Qb1 Nc6 11. h3 Bd7 12. dxe7 Ngxe7 13. Ne2 Qc5 14. Qb2 0-0-0 15. Rb1 b6 16. Qc3 Qd6 17. a4 f5 18. e5 Qd5 19. 0-0 Be6 20. a5 Qxa5 21. Qxa5 bxa5 22. Ba6+ Kd7 23. Be3 Ke8 24. Bc5 Kf7 25. Rb7 Rb8 26. Rfb1 Rxb7 27. Rxb7 Rb8 28. Rc7 Ke8 29. Nd4 Bd5 30. Nxc6 Nxc6 31. Bb7 Nb4 32. Bxd5 Nxd5 33. Rxh7 Rc8 34. Rh8+ Kd7 35. e6+ Kc7 36. Bd6+ Kb7 37. Rxc8 Kxc8 38. Kf2 Nb4 39. c4 Nc2 40. e7 Kd7 41. Ke2 Nd4+ 42. Kd3 Nc6 43. g4 fxg4 44. hxg4 Nxe7 45. Bxe7 Kxe7 46. Kc3 Kd6 47. g5 Ke6 48. c5 Kd5 49. f5 gxf5 50. g6 Ke6 51. c6 f4 52. c7 Kd7 53. g7 1-0

[Event "Petrov Memorial op"]
[Site "St Petersburg"]
[Date "2000.02.10"]
[Round "4"]
[White "Frolov, Denis"]
[Black "Kuprijanov, Ilija"]
[Result "1-0"]
[WhiteElo "2428"]
[BlackElo "2290"]
[PlyCount "29"]
[EventDate "2000.02.05"]
[EventType "swiss"]
[EventRounds "9"]
[EventCountry "RUS"]
[SourceTitle "CBM 076"]
[Source "ChessBase"]
[SourceDate "2000.05.31"]
[SourceVersion "1"]
[SourceVersionDate "2000.05.31"]
[SourceQuality "1"]

1. e4 e5 2. Nf3 Nc6 3. Nc3 Nf6 4. d4 Bb4 5. Nxe5 Nxe5 6. dxe5 Nxe4 7. Qg4 d5 8. Qxg7 Rf8 9. a3 Bc5 10. Nxe4 dxe4 11. Bg5 Qd4 12. Bb5+ c6 13. 0-0 Bd7 14. Rad1 Qxb2 15. e6 1-0

[Event "Severstal 45 Jubilee"]
[Site "Cherepovets"]
[Date "2000.??.??"]
[Round "7"]
[White "Kuprijanov, Ilija"]
[Black "Shalaev, Nikolay"]
[Result "1-0"]
[WhiteElo "2290"]
[BlackElo "2222"]
[PlyCount "141"]
[EventDate "2000.??.??"]
[EventType "tourn"]
[EventRounds "13"]
[EventCountry "RUS"]
[SourceTitle "EXT 2001"]
[Source "ChessBase"]
[SourceDate "2000.11.22"]
[SourceVersion "1"]
[SourceVersionDate "2000.11.22"]
[SourceQuality "1"]

1. d4 Nf6 2. Nf3 d5 3. c4 e6 4. Nc3 c6 5. e3 Nbd7 6. Bd3 dxc4 7. Bxc4 Nb6 8. Bb3 Bd6 9. e4 Bb4 10. Qe2 0-0 11. a3 Be7 12. Bc2 c5 13. dxc5 Bxc5 14. e5 Nfd5 15. Ng5 h6 16. Nce4 Qe7 17. Nxc5 Qxc5 18. Nf3 Qc4 19. Bd3 Qg4 20. h3 Qa4 21. Bc2 Qc4 22. Bd3 Qa4 23. 0-0 Bd7 24. Bc2 Bb5 25. Qd1 Qc4 26. Nd2 Qc7 27. Re1 Rac8 28. Be4 Ba4 29. Qh5 Bc2 30. Bxc2 Qxc2 31. Ne4 Rc7 32. b4 Nc4 33. Qh4 Nxe5 34. Qg3 Ng6 35. Bd2 Qa4 36. h4 e5 37. Bxh6 gxh6 38. h5 Ndf4 39. hxg6 fxg6 40. Nc5 Qe8 41. Qg4 h5 42. Qg3 b6 43. Ne4 Qe6 44. Rad1 Rd7 45. Rxd7 Qxd7 46. Qg5 Qf5 47. Re3 Kg7 48. Qe7+ Rf7 49. Qh4 Rd7 50. Re1 Nd5 51. Qg3 Qf4 52. Qb3 Nf6 53. Nxf6 Kxf6 54. Qg8 Rf7 55. Qh8+ Kf5 56. Re3 e4 57. Qd4 Qe5 58. Qd2 g5 59. f3 Qa1+ 60. Re1 Qxa3 61. Qd5+ Kg6 62. Qxe4+ Kg7 63. Qe5+ Kg6 64. Qe4+ Kg7 65. Qd4+ Kh7 66. Kh2 Qa2 67. Re8 Rg7 68. Qd3+ Rg6 69. Qd7+ Rg7 70. Qf5+ Rg6 71. Re7+ 1-0

[Event "RUS-chT clubs 1L"]
[Site "Korolev"]
[Date "2000.??.??"]
[Round "6"]
[White "Pochikeev, Igor"]
[Black "Kuprijanov, Ilija"]
[Result "1-0"]
[WhiteElo "2240"]
[BlackElo "2343"]
[PlyCount "181"]
[EventDate "2000.??.??"]
[EventType "team"]
[EventRounds "9"]
[EventCountry "RUS"]
[SourceTitle "EXT 2006"]
[Source "ChessBase"]
[SourceDate "2005.11.24"]
[SourceVersion "1"]
[SourceVersionDate "2005.11.24"]
[SourceQuality "1"]

1. Nf3 d5 2. c4 e6 3. g3 dxc4 4. Qa4+ Bd7 5. Qxc4 Bc6 6. Bg2 Nd7 7. d4 Ngf6 8. 0-0 Bd6 9. Nc3 0-0 10. Bg5 h6 11. Bxf6 Nxf6 12. Qd3 Bb4 13. Rac1 Qe7 14. a3 Ba5 15. Rfd1 Rfd8 16. Bh3 Be8 17. Ne4 Nxe4 18. Qxe4 Ba4 19. Rd3 Bb5 20. Rb3 Bc6 21. Rxc6 bxc6 22. Ne5 Rd5 23. Nxc6 Qe8 24. Ne5 f6 25. Nc4 f5 26. Qc2 Rb5 27. Rd3 Bb6 28. Bg2 Rc8 29. Rd1 c5 30. Nd6 Qd7 31. Nxc8 Qxc8 32. d5 c4 33. b4 exd5 34. Bxd5+ Kh8 35. Qxc4 Qxc4 36. Bxc4 Re5 37. e3 Re7 38. h4 g5 39. hxg5 hxg5 40. Rd5 f4 41. exf4 gxf4 42. Kg2 fxg3 43. fxg3 Re1 44. Rf5 Ra1 45. Rf3 Kg7 46. Kh3 Kh6 47. Kg4 Bd4 48. Rd3 Bb6 49. Bb5 Kg6 50. Rf3 Kg7 51. Kf5 Rd1 52. Rd3 Rf1+ 53. Ke4 Rg1 54. Bd7 Kf6 55. g4 Ke7 56. Bf5 Kf6 57. Kd5 Rc1 58. Rh3 Kg5 59. Bd7 Bf2 60. Rh5+ Kg6 61. Be8+ Kg7 62. Rf5 Be3 63. Rf3 Bb6 64. Rf7+ Kg8 65. Rf4 Rc3 66. a4 Rc8 67. Bd7 Rc1 68. Rc4 Rd1+ 69. Kc6 Kf8 70. a5 Be3 71. Bf5 Ra1 72. Kb7 Ra3 73. a6 Rb3 74. Bd7 Rd3 75. Bf5 Rd6 76. Rc6 Rd5 77. Rf6+ Kg7 78. Rg6+ Kf8 79. Kc6 Rd1 80. Rf6+ Kg7 81. Re6 Rc1+ 82. Kb7 Bf2 83. b5 Ra1 84. b6 Bxb6 85. Rxb6 axb6 86. Kxb6 Ra2 87. Bd3 Kf6 88. a7 Kg5 89. Ba6 Rb2+ 90. Kc5 Rc2+ 91. Bc4 1-0

[Event "RUS-chT2"]
[Site "Korolev"]
[Date "2000.??.??"]
[Round "?"]
[White "Shaposhnikov, Evgeny"]
[Black "Kuprijanov, Ilija"]
[Result "1-0"]
[WhiteElo "2544"]
[BlackElo "2290"]
[PlyCount "89"]
[EventDate "2000.10.??"]
[EventType "team"]
[EventRounds "9"]
[EventCountry "RUS"]
[SourceTitle "EXT 2002"]
[Source "ChessBase"]
[SourceDate "2001.11.25"]
[SourceVersion "1"]
[SourceVersionDate "2001.11.25"]
[SourceQuality "1"]

1. e4 e5 2. Nf3 Nc6 3. Bc4 Bc5 4. c3 Nf6 5. d3 d6 6. 0-0 Bb6 7. Bb3 h6 8. Nbd2 0-0 9. h3 Be6 10. Re1 Re8 11. Ba4 Nd7 12. Bxc6 bxc6 13. d4 exd4 14. Nxd4 Ne5 15. N2f3 Nxf3+ 16. Qxf3 Qd7 17. Bf4 d5 18. Qg3 Kh7 19. Rad1 Rad8 20. Nf3 Qe7 21. exd5 Rxd5 22. Nd4 Bxd4 23. cxd4 Qd7 24. Rc1 f6 25. Be3 Rb5 26. b3 Rbb8 27. Rc5 Bd5 28. Ra5 Ra8 29. f3 Kg8 30. Kh2 Kf7 31. Bf4 Rxe1 32. Qxe1 Be6 33. Qb4 Qc8 34. Qc5 Qb7 35. Bg3 Qb6 36. Qc3 Rd8 37. Rc5 Bd5 38. b4 Rd7 39. a4 a6 40. Qd2 Re7 41. b5 axb5 42. axb5 Qb7 43. bxc6 Bxc6 44. Qa2+ Ke8 45. Qg8+ 1-0

[Event "Chigorin Memorial 07th"]
[Site "St Petersburg"]
[Date "1999.11.05"]
[Round "4"]
[White "Akhmadeev, Vadim"]
[Black "Kuprijanov, Ilija"]
[Result "1-0"]
[WhiteElo "2442"]
[BlackElo "2322"]
[PlyCount "83"]
[EventDate "1999.11.02"]
[EventType "swiss"]
[EventRounds "9"]
[EventCountry "RUS"]
[SourceTitle "CBM 074"]
[Source "ChessBase"]
[SourceDate "2000.02.01"]
[SourceVersion "1"]
[SourceVersionDate "2000.02.01"]
[SourceQuality "1"]

1. e4 e5 2. Nf3 Nc6 3. Bb5 a6 4. Ba4 Nf6 5. 0-0 d6 6. Re1 b5 7. Bb3 Na5 8. d4 Nxb3 9. axb3 Bb7 10. Nbd2 Nd7 11. c4 Be7 12. Nf1 0-0 13. Ng3 Re8 14. Nf5 Bf8 15. d5 Nb6 16. Qd3 Qd7 17. Be3 g6 18. Ng3 Nc8 19. Nd2 c6 20. Rf1 bxc4 21. bxc4 cxd5 22. cxd5 f5 23. exf5 gxf5 24. Nxf5 e4 25. Qb3 Re5 26. Ng3 Bxd5 27. Qc2 Qb7 28. Ra4 Qc6 29. Qd1 Ne7 30. Rb4 Ng6 31. Rb6 Qd7 32. Bd4 Re6 33. Qg4 Rae8 34. Rxa6 Qb5 35. Ra3 Bh6 36. Be3 Bg7 37. Nf5 Bxb2 38. Ra7 Bb7 39. Rb1 Qc6 40. Nf1 Bc8 41. Rxb2 Rf6 42. Qh5 1-0

[Event "Chigorin Memorial 07th"]
[Site "St Petersburg"]
[Date "1999.11.02"]
[Round "1"]
[White "Kuprijanov, Ilija"]
[Black "Shchekachev, Andrei"]
[Result "0-1"]
[WhiteElo "2322"]
[BlackElo "2505"]
[PlyCount "82"]
[EventDate "1999.11.02"]
[EventType "swiss"]
[EventRounds "9"]
[EventCountry "RUS"]
[SourceTitle "CBM 074"]
[Source "ChessBase"]
[SourceDate "2000.02.01"]
[SourceVersion "1"]
[SourceVersionDate "2000.02.01"]
[SourceQuality "1"]

1. d4 Nf6 2. c4 g6 3. Nc3 Bg7 4. e4 d6 5. h3 Nbd7 6. Be3 e5 7. d5 Nc5 8. Qc2 a5 9. Nge2 Bd7 10. Rd1 h5 11. Nc1 Bh6 12. Bxh6 Rxh6 13. Be2 h4 14. b3 Kf8 15. a3 Kg7 16. 0-0 Rh8 17. f4 Qe7 18. f5 gxf5 19. exf5 Rag8 20. b4 axb4 21. axb4 Na6 22. N3a2 Kf8 23. Rf2 Rg3 24. Bf1 Rhg8 25. Kh1 Ra3 26. Rd3 Rxd3 27. Qxd3 Nh5 28. Ne2 Qg5 29. Qb1 Ng7 30. f6 Nh5 31. Nac3 Nxf6 32. Ng1 Ke7 33. c5 Nh5 34. Ne4 Qg6 35. cxd6+ cxd6 36. Bd3 f5 37. Nd2 Ng3+ 38. Kh2 Ne4 39. Re2 Qg3+ 40. Kh1 Nf2+ 41. Rxf2 Qxf2 0-1